Assessing alternative assessment (Record no. 62876)

MARC details
000 -CABECERA
campo de control de longitud fija 00629nam a2200229 a 4500
005 - FECHA Y HORA DE LA ÚLTIMA TRANSACCIÓN
campo de control 20210219152900.0
008 - ELEMENTOS DE LONGITUD FIJA--INFORMACIÓN GENERAL
campo de control de longitud fija 991125n 000 0 u
035 ## - NÚMERO DE CONTROL DEL SISTEMA
Número de control de sistema UPN01000065027
100 ## - ASIENTO PRINCIPAL--NOMBRE PERSONAL
Nombre de persona Maeroff, Gene I
222 ## - TÍTULO CLAVE
Título clave PHI DELTA KAPPAN
245 ## - MENCIÓN DE TÍTULO
Título Assessing alternative assessment
300 ## - DESCRIPCIÓN FÍSICA
Extensión 272-281
362 ## - FECHAS DE PUBLICACIÓN Y/O DESIGNACIÓN SECUENCIAL
Fecha de publicación y/o designación secuencial 73, No. 4, 1991
505 ## - NOTA DE CONTENIDO CON FORMATO PREESTABLECIDO
Nota de contenido con formato Abril 1992
653 0# - TERMINO DE INDIZACION - NO CONTROLADO
Término no controlado EVALUACION DEL ESTUDIANTE
653 0# - TERMINO DE INDIZACION - NO CONTROLADO
Término no controlado METODOS DE EVALUACION
653 0# - TERMINO DE INDIZACION - NO CONTROLADO
Término no controlado PORTFOLIOS (BACKGROUND MATERIALS)
653 0# - TERMINO DE INDIZACION - NO CONTROLADO
Término no controlado PRUEBAS DE PROBLEMAS
653 0# - TERMINO DE INDIZACION - NO CONTROLADO
Término no controlado PRUEBAS DE REFERENCIA NORMAL
904 ## - ELEMENTOS DE DATOS D LOCAL, LDD (RLIN)
a AC
b 002838
905 ## - TIPO DE MATERIAL
Tipo de material Articulo

No items available.